Listening and Speaking 1 (Record no. 15674)
[ view plain ]
| 000 -LEADER | |
|---|---|
| fixed length control field | 01698cam a22004815a 4500 |
| 001 - CONTROL NUMBER | |
| control field | 16847102 |
| 003 - CONTROL NUMBER IDENTIFIER | |
| control field | OSt |
| 005 - DATE AND TIME OF LATEST TRANSACTION | |
| control field | 20140310182747.0 |
| 008 - FIXED-LENGTH DATA ELEMENTS--GENERAL INFORMATION | |
| fixed length control field | 110628m20109999enk 000 0 eng |
| 010 ## - LIBRARY OF CONGRESS CONTROL NUMBER | |
| LC control number | 2011453227 |
| 020 ## - INTERNATIONAL STANDARD BOOK NUMBER | |
| International Standard Book Number | 9780194756105 (pbk. : bk. 1) |
| 020 ## - INTERNATIONAL STANDARD BOOK NUMBER | |
| International Standard Book Number | 9780194756112 (pbk. : bk. 2) |
| 020 ## - INTERNATIONAL STANDARD BOOK NUMBER | |
| International Standard Book Number | 9780194756129 (pbk. : bk. 3) |
| 020 ## - INTERNATIONAL STANDARD BOOK NUMBER | |
| International Standard Book Number | 9780194756136 (pbk. : bk. 4) |
| 020 ## - INTERNATIONAL STANDARD BOOK NUMBER | |
| International Standard Book Number | 9780194756044 (pbk. : bk. 5) |
| 040 ## - CATALOGING SOURCE | |
| Original cataloging agency | DLC |
| Transcribing agency | DLC |
| Modifying agency | DLC |
| 042 ## - AUTHENTICATION CODE | |
| Authentication code | pcc |
| 050 00 - LIBRARY OF CONGRESS CALL NUMBER | |
| Classification number | PE 1128 |
| Item number | .Sc283 2011 |
| 082 00 - DEWEY DECIMAL CLASSIFICATION NUMBER | |
| Classification number | M 428.2 |
| Item number | L486 2011 |
| 245 00 - TITLE STATEMENT | |
| Title | Listening and Speaking 1 |
| Statement of responsibility, etc | Scanlon, Jaimie |
| 246 1# - VARYING FORM OF TITLE | |
| Display text | At head of title: |
| Title proper/short title | Q: Skills for success |
| 260 ## - PUBLICATION, DISTRIBUTION, ETC. (IMPRINT) | |
| Place of publication, distribution, etc | Oxford |
| -- | New York |
| Name of publisher, distributor, etc | Oxford Univ Press |
| Date of publication, distribution, etc | c2010 |
| 300 ## - PHYSICAL DESCRIPTION | |
| Extent | 213 p. |
| Other physical details | ill. (some col.) |
| Dimensions | 26 cm. |
| 490 0# - SERIES STATEMENT | |
| Series statement | Q: Skills for Success |
| 505 1# - FORMATTED CONTENTS NOTE | |
| Formatted contents note | Bk. 1 / Jaimie Scanlon -- Bk. 2 / Margaret Brooks -- Bk. 3 / Miles Craven, Kristin D. Sherman -- Bk. 4 / Robert Freire, Tamara Jones -- Bk. 5 / Susan Earle-Carlin -- |
| 521 ## - TARGET AUDIENCE NOTE | |
| Target audience note | |
| 526 ## - STUDY PROGRAM INFORMATION NOTE | |
| Reading level | 1210L-1700L |
| 541 ## - IMMEDIATE SOURCE OF ACQUISITION NOTE | |
| -- | 1 |
| 562 ## - COPY AND VERSION IDENTIFICATION NOTE | |
| Number of copies | 1 |
| 650 #0 - SUBJECT ADDED ENTRY--TOPICAL TERM | |
| Topical term or geographic name as entry element | English language |
| Form subdivision | Textbooks for foreign speakers. |
| 650 #0 - SUBJECT ADDED ENTRY--TOPICAL TERM | |
| Topical term or geographic name as entry element | Listening. |
| 700 1# - ADDED ENTRY--PERSONAL NAME | |
| Personal name | Freire, Robert. |
| 700 1# - ADDED ENTRY--PERSONAL NAME | |
| Personal name | Jones, Tamara. |
| 700 1# - ADDED ENTRY--PERSONAL NAME | |
| Personal name | Scanlon, Jaimie. |
| 700 1# - ADDED ENTRY--PERSONAL NAME | |
| Personal name | Brooks, Margaret. |
| 700 1# - ADDED ENTRY--PERSONAL NAME | |
| Personal name | Craven, Miles. |
| 700 1# - ADDED ENTRY--PERSONAL NAME | |
| Personal name | Sherman, Kristin. |
| 700 1# - ADDED ENTRY--PERSONAL NAME | |
| Personal name | Earle-Carlin, Susan. |
| 906 ## - LOCAL DATA ELEMENT F, LDF (RLIN) | |
| a | 7 |
| b | cbc |
| c | origres |
| d | 2 |
| e | ncip |
| f | 20 |
| g | y-gencatlg |
| 942 ## - ADDED ENTRY ELEMENTS (KOHA) | |
| Source of classification or shelving scheme | Library of Congress Classification |
| Koha item type | Books |
| Call number prefix | |
| Withdrawn status | Lost status | Source of classification or shelving scheme | Damaged status | Home library | Current library | Shelving location | Date acquired | Total Checkouts | Full call number | Barcode | Date last seen | Copy number | Price effective from | Koha item type |
|---|---|---|---|---|---|---|---|---|---|---|---|---|---|---|
| Library of Congress Classification | College Library | College Library | General Circulation Section | 06/13/2012 | PE 1128 .Sc283 2011 | c14405 | 09/06/2024 | 1 | 06/13/2012 | Books |